Visita al Palau Güell
Descripción Física:
desplegable : il., col. ; 15 cm
MARC
| LEADER | 00000nam a2200000Ia 4500 | ||
|---|---|---|---|
| 001 | 18399 | ||
| 008 | 160829s9999 xx 000 0 cat d | ||
| 080 | |a FU-1-52 | ||
| 245 | |a Visita al Palau Güell | ||
| 260 | |a Barcelona : |b Diputació de Barcelona, Xarxa de Municipis DL 2001 | ||
| 300 | |a desplegable : |b il., col. ; |c 15 cm | ||
| 590 | |a Altres exemplars en italià, portuguès, francès, xinès, alemany, anglès, castellà i grec. | ||
| 600 | 1 | 0 | |a Gaudí, Antoni, |d 1852-1926 |9 51678 |
| 610 | 2 | 0 | |a Palau Güell (Barcelona) |v Guies |9 52892 |
| 650 | 0 | |a Modernisme (Arquitectura) |z Barcelona (Catalunya) |9 38366 | |
| 650 | 0 | |a Palaus |z Catalunya |9 29887 | |
| 901 | |a Arxiu | ||
| 942 | |n 1 | ||
| 952 | |0 0 |1 0 |4 0 |6 FU152 |7 1 |9 45530 |a Arxiu |b Arxiu |d 2016-12-01 |l 0 |o FU-1-52 |p 18399 |r 2016-12-01 00:00:00 |w 2016-12-01 |y ARXIU | ||
| 999 | |c 48697 |d 48697 | ||